[Event "BUL-chT2"]
[Site "Sunny Beach"]
[Date "2014.09.19"]
[Round "1.4"]
[White "Metodiev, Veselin"]
[Black "Genov, Petko"]
[Result "0-1"]
[WhiteElo "1852"]
[BlackElo "2272"]
[PlyCount "93"]
[EventDate "2014.09.19"]
[EventType "team-swiss"]
[EventRounds "7"]
[EventCountry "BUL"]
[SourceTitle "EXT 2015"]
[Source "ChessBase"]
[SourceDate "2014.11.20"]
[SourceVersion "1"]
[SourceVersionDate "2014.11.20"]
[SourceQuality "1"]
[WhiteTeam "Blagoevgrad Victory"]
[BlackTeam "Pazardzhik"]
[WhiteTeamCountry "BUL"]
[BlackTeamCountry "BUL"]

1. e4 c5 2. Nf3 d6 3. d4 cxd4 4. Nxd4 Nf6 5. Nc3 e6 6. Be3 a6 7. Be2 Be7 8. 0-0 Qc7 9. a4 Nc6 10. f4 0-0 11. Bf3 Rb8 12. Qd2 Bd7 13. Rae1 Rfc8 14. Qf2 Be8 15. g4 Nd7 16. Nb3 b5 17. axb5 axb5 18. Qg3 b4 19. Nd1 Nc5 20. Nxc5 dxc5 21. g5 Nd4 22. Rf2 b3 23. c3 Nc2 24. Ref1 Rd8 25. Bc1 Bb5 26. Be2 Bxe2 27. Rxe2 c4 28. f5 Qxg3+ 29. hxg3 Bc5+ 30. Kg2 exf5 31. exf5 Re8 32. Rd2 Ne1+ 33. Kh3 Nd3 34. Nf2 Nxf2+ 35. Rfxf2 Bxf2 36. Rxf2 Re1 37. Bd2 Re4 38. Kg2 Rd8 39. Kf3 Re7 40. Bf4 Rd3+ 41. Kg4 Kf8 42. Rf1 Re2 43. Ra1 Rxb2 44. Ra8+ Ke7 45. Ra7+ Rd7 46. Ra6 f6 47. Rc6 0-1

[Event "Blagoevgrad op"]
[Site "Blagoevgrad"]
[Date "2013.10.02"]
[Round "7"]
[White "Metodiev, Veselin"]
[Black "Kralevski, Aleksander"]
[Result "0-1"]
[WhiteElo "1851"]
[BlackElo "2156"]
[PlyCount "118"]
[EventDate "2013.09.28"]
[EventType "swiss"]
[EventRounds "9"]
[EventCountry "BUL"]
[SourceTitle "CBM 156 Extra"]
[Source "ChessBase"]
[SourceDate "2013.10.22"]
[SourceVersion "1"]
[SourceVersionDate "2013.10.22"]
[SourceQuality "1"]

1. e4 e5 2. Nf3 Nc6 3. Bc4 Nf6 4. d4 exd4 5. 0-0 Nxe4 6. Re1 d5 7. Bxd5 Qxd5 8. Nc3 Qa5 9. Nxe4 Be6 10. Neg5 0-0-0 11. Nxe6 fxe6 12. Rxe6 Bd6 13. Qe2 Qh5 14. h3 Qd5 15. Bd2 h6 16. a3 g5 17. Qe4 Qb5 18. b4 Qa4 19. Rb1 d3 20. c4 Bf4 21. b5 Nb8 22. Bxf4 gxf4 23. Qf5 Nd7 24. Qxf4 Rhf8 25. Qe3 Qxa3 26. Re7 Kb8 27. Rd1 Nc5 28. Qe5 Rc8 29. Ra1 Qb4 30. Nd2 Rfd8 31. Qe3 b6 32. Rb1 Qc3 33. Qe1 Qf6 34. Ra1 Rf8 35. Re5 Qf4 36. Ra2 Qd4 37. Re3 Qc3 38. Qd1 Rfe8 39. Qe1 Rxe3 40. Qxe3 h5 41. Kh2 Rf8 42. f3 h4 43. Qe7 Rg8 44. f4 Qh8 45. Nf3 Re8 46. Qxh4 Qc3 47. Ne5 a5 48. Qg3 Rxe5 49. fxe5 Qxc4 50. Rf2 Qd5 51. Rd2 a4 52. h4 a3 53. Qf4 a2 54. Rd1 Nb3 55. Qf8+ Kb7 56. Qf3 Qxf3 57. gxf3 d2 58. e6 Kc8 59. Rg1 a1Q 0-1

[Event "Varna op U16"]
[Site "Varna"]
[Date "2013.07.01"]
[Round "7"]
[White "Vasova, Mariya"]
[Black "Metodiev, Veselin"]
[Result "1/2-1/2"]
[WhiteElo "1910"]
[BlackElo "1837"]
[PlyCount "68"]
[EventDate "2013.06.24"]
[EventType "swiss"]
[EventRounds "9"]
[EventCountry "BUL"]
[SourceTitle "EXT 2014"]
[Source "ChessBase"]
[SourceDate "2013.11.20"]
[SourceVersion "1"]
[SourceVersionDate "2013.11.20"]
[SourceQuality "1"]

1. Nf3 d5 2. g3 Nf6 3. Bg2 c6 4. 0-0 Bf5 5. d3 e6 6. Nbd2 Be7 7. b3 h6 8. Bb2 0-0 9. Re1 Bh7 10. e4 Nbd7 11. e5 Ne8 12. Nf1 Nc7 13. N3d2 f6 14. f4 fxe5 15. fxe5 Qe8 16. Ne3 g5 17. Bf3 Qg6 18. Kg2 Rad8 19. Bg4 Nb8 20. d4 c5 21. c3 Nc6 22. Bh5 Qg7 23. Be2 Bg6 24. a3 a5 25. Rf1 Qh7 26. Nf3 h5 27. h3 Be4 28. Rh1 Rf7 29. Nf1 Qg6 30. g4 h4 31. N1d2 Bc2 32. Qg1 b6 33. Qe3 Rdf8 34. Rhf1 Kg7 1/2-1/2

[Event "Varna op U16"]
[Site "Varna"]
[Date "2013.06.26"]
[Round "3"]
[White "Metodiev, Veselin"]
[Black "Georgiev, Todor"]
[Result "1/2-1/2"]
[WhiteElo "1837"]
[BlackElo "1837"]
[PlyCount "139"]
[EventDate "2013.06.24"]
[EventType "swiss"]
[EventRounds "9"]
[EventCountry "BUL"]
[SourceTitle "EXT 2014"]
[Source "ChessBase"]
[SourceDate "2013.11.20"]
[SourceVersion "1"]
[SourceVersionDate "2013.11.20"]
[SourceQuality "1"]

1. e4 e5 2. Nf3 Nc6 3. Nc3 Nf6 4. d4 exd4 5. Nxd4 Bb4 6. Nxc6 bxc6 7. Bd3 d5 8. exd5 cxd5 9. 0-0 0-0 10. Bg5 Be6 11. Qf3 Be7 12. h3 c5 13. Rad1 d4 14. b3 dxc3 15. Bxh7+ Kxh7 16. Rxd8 Raxd8 17. Bf4 Nd5 18. Be5 Kg8 19. Bxc3 Nxc3 20. Qxc3 Rd7 21. Qa5 Rfd8 22. c4 Rc8 23. Qa6 Rcc7 24. Re1 Rd4 25. Qb5 Rd8 26. Qa5 Rcd7 27. g3 Bf8 28. Kg2 Be7 29. Qa3 Rc7 30. Qa5 Rdd7 31. Qb5 Bf6 32. Qa5 Bd4 33. Re2 Rc8 34. Qa6 Re8 35. Kh2 Rde7 36. Qd6 Rd7 37. Qc6 Ree7 38. Qa8+ Kh7 39. Qe4+ g6 40. h4 Bf6 41. Qf3 Bf5 42. Rxe7 Rxe7 43. g4 Be5+ 44. Kh3 Be6 45. Qe3 Bd4 46. Qf4 Kg7 47. h5 gxh5 48. Qg5+ Kf8 49. Qxh5 Ke8 50. Qg5 Bxf2 51. Qf4 Bd4 52. Qb8+ Kd7 53. Qxa7+ Kd8 54. Qb8+ Bc8 55. Qb6+ Ke8 56. Qc6+ Kd8 57. Qb6+ Ke8 58. Qc6+ Kd8 59. Qb6+ Kd7 60. Qb5+ Kc7 61. Qa5+ Kc6 62. Qb5+ Kc7 63. Qa5+ Kd6 64. Qb6+ Kd7 65. Qb5+ Kc7 66. Qa5+ Kb7 67. Qb5+ Ka7 68. Qa5+ Ba6 69. Qd8 Re3+ 70. Kh4 1/2-1/2